INFES (Registro nro. 25073)
[ vista simple ]
| 000 -CABECERA | |
|---|---|
| Longitud fija campo de control | 01006nas a2200325 c 4500 |
| 001 - NÚMERO DE CONTROL | |
| Número de control | 25073 |
| 003 - IDENTIFICADOR DE NÚMERO DE CONTROL | |
| Identificador del número de control | ES-MaCES |
| 005 - FECHA Y HORA DE LA ÚLTIMA TRANSACCIÓN | |
| Fecha y hora de la última transacción | 20160912123819.0 |
| 008 - CAMPO FIJO DE DESCRIPCIÓN FIJA--INFORMACIÓN GENERAL | |
| Códigos de información de longitud fija | 960220d1993 sp | | |spa d |
| 035 ## - NÚMERO DE CONTROL DEL SISTEMA | |
| Número de control del sistema | CES19980000538p |
| Número de control cancelado;no válido | 10053 |
| 040 ## - FUENTE DE CATALOGACIÓN | |
| Centro catalogador de origen | ES-MaCES |
| Lengua de catalogación | spa |
| Centro transcriptor | ES-MaCES |
| 245 00 - MENCIÓN DE TÍTULO | |
| Título | INFES |
| Resto del título | : revista de economía social |
| 260 ## - PUBLICACIÓN, DISTRIBUCIÓN, ETC (PIE DE IMPRENTA) | |
| Lugar de publicación, distribución, etc. | Madrid (Pio Baroja, 6, 28009) |
| Nombre del editor, distribuidor, etc. | INFES |
| Fecha de publicación, distribución, etc. | [ca. 1993]- |
| 300 ## - DESCRIPCIÓN FÍSICA | |
| Extensión | v. |
| Dimensiones | 30 cm |
| 500 ## - NOTA GENERAL | |
| Nota general | Descripción basada en: n. 6 (dic. 1994) |
| 500 ## - NOTA GENERAL | |
| Nota general | Tít. tomado de la cub |
| 500 ## - NOTA GENERAL | |
| Nota general | 4 nos. año |
| 541 ## - NOTA DE LA FUENTE INMEDIANTE DE ADQUISICIÓN | |
| Forma de adquisición | Gratuito |
| 592 ## - CES. NOTA ESTADO DE LA PUBLICACIÓN | |
| Estado publicación | Cerrada |
| 650 #4 - ASIENTO SECUNDARIO DE MATERIA--TÉRMINO DE MATERIA | |
| Término de materia o nombre geográfico como elemento inicial | organización sin fines de lucro |
| 9 (RLIN) | 27312 |
| 650 #4 - ASIENTO SECUNDARIO DE MATERIA--TÉRMINO DE MATERIA | |
| Término de materia o nombre geográfico como elemento inicial | mutualidad |
| 9 (RLIN) | 30256 |
| 650 #4 - ASIENTO SECUNDARIO DE MATERIA--TÉRMINO DE MATERIA | |
| Término de materia o nombre geográfico como elemento inicial | cooperativa |
| 9 (RLIN) | 27136 |
| 650 #4 - ASIENTO SECUNDARIO DE MATERIA--TÉRMINO DE MATERIA | |
| Término de materia o nombre geográfico como elemento inicial | economía social |
| 9 (RLIN) | 30379 |
| 653 10 - TÉRMINO DE INDEXACIÓN--NO CONTROLADO | |
| Término no controlado | Economía |
| 710 2# - ENCABEZAMIENTO SECUNDARIO--NOMBRE CORPORATIVO | |
| Nombre de entidad o nombre de jurisdicción como elemento inicial | Instituto Nacional de Fomento de la Economía Social (España) |
| 9 (RLIN) | 4277 |
| 866 #0 - FUENTES TEXTUALES--UNIDAD BIBLIOGRÁFICA BÁSICA | |
| Holdings textuales | (1994) 1995-1996. |
| Nota pública | Ubicación: EXT-159 |
| 905 ## - CES. DATOS REVISTA | |
| Proceso | + |
| 942 ## - ELEMENTOS KOHA | |
| Fuente de clasificaión o esquema | Clasificación propia del CES |
| Koha [por defecto] tipo de item | Periódicas |
| Parte de clasificación | 0.0. |
| Número de registro | Signatura completa | Tipo de item de Koha |
|---|---|---|
| 013162 | 10053 | Periódicas |
| 013163 | 10053 | Periódicas |
| 013164 | 10053 | Periódicas |
| 013165 | 10053 | Periódicas |
| 013166 | 10053 | Periódicas |
| 013897 | 10053 | Periódicas |
| 016501 | 10053 | Periódicas |
| 017443 | 10053 | Periódicas |
| 018037 | 10053 | Periódicas |
